Statistics for Top 10 Solarballs Members

Click here to take the quiz!

General Stats

  • This quiz has been taken 5 times
  • The average score is 9 of 10

Answer Stats

RankAnswer% Correct
5fwdgg (fds)
100%
2jjf
100%
1kauthar
100%
3loganloo
100%
6mrmietekmarek (Marek)
100%
10nepturnip
100%
9bl4z33467 (Blaze)
75%
7ssupernovuh (elias/aniyah)
75%
8waterywaterh2o
75%
4fwxst
50%

Score Distribution

Percentile by Number Answered

Percent of People with Each Score

Your Score History

You have not taken this quiz